| 000 | 00443cam a2200157ua 4500 | ||
|---|---|---|---|
| 041 |
_aeng _h |
||
| 082 |
_a028.7455 _bVAR/WO |
||
| 100 | _aVarma, C.V.J. | ||
| 245 | 0 | 0 |
_aWorkshop engineering with geosynthetics / _cC.V.J Varma. _hTextual Documents |
| 260 |
_aNew Delhi : _bCommitte for International Geosynthetics Society , _c1996. |
||
| 300 | _a266 ; . | ||
| 504 | _a | ||
| 700 | 1 | _aVenkatappa Rao, G . | |
| 942 | _cBK | ||
| 999 |
_c6771 _d6771 |
||